000 00634nmm a2200169Ia 4500
008 251105s9999||||xx |||||||||||||||||und||
020 _a9789587169133
041 _aspa
100 _aIbagón Martín, Nilson Javier
245 0 _aEntre ausencias y presencias ausentes : Los textos escolares y el lugar de lo negro en la enseñanza de la historia de Colombia, 1991-2013
264 _a[Bogotá, Colombia] :
_bEditorial Pontificia Universidad Javeriana,
_c2016
300 _a144 páginas
490 _aTaller y oficio de la historia
650 _aEducation
856 _uhttps://public.digitaliapublishing.com/a/46986
942 _cCF
999 _c95585
_d95585